|
|
|
แสดงรายละเอียดบรรณานุกรม |
|
|
Brief Record
: Get Marc (ISO 2709)
: E-mail record
: |
|
|
DELETE FROM stat_globaluid WHERE id NOT IN ( SELECT id FROM ( SELECT id FROM stat_globaluid ORDER BY id DESC LIMIT 100 ) foo );mysqli: Duplicate entry '20140737158617' for key 'PRIMARY'
insert into stat_globaluid set statuid='20260629153011_4260', dt='1782721811', phpself='/ulib/dublinfull.php', agent='Mozilla/5.0 AppleWebKit/537.36 (KHTML, like Gecko; compatible; ClaudeBot/1.0; +claudebot@anthropic.com)', yea='2026', mon='6', dat='29', ip='61.19.32.209'
| LEADER 01174nam 2200277 a 4500 | |||
| 001 22011 | |||
| 003 ULIBM | |||
| 008 030417s2004 caua sb 001 0 eng | |||
| 082 ^a294.306^bพ-ป | |||
| 100 ^aพระอุดมปัญญาภรณ์ | |||
| 245 ^aประวัติวัดพระแก้ว อ.เมือง จ.เชียงราย/^cพระอุดมปัญญาภรณ์ | |||
| 260 ^aกรุงเทพฯ:^bโรงพิมพ์ไพศาลการพิมพ์,^cม.ป.ป. | |||
| 300 ^a16 หน้า | |||
| 913 ^aImported by ULIBM Administrator | |||
| 949 ^aImport form external file by ULIBM system | |||
| คุณยังไม่ได้ล็อกอิน คุณสามารถมีกิจกรรมร่วมกับเว็บไซต์ได้ แต่ต้องล็อกอินก่อน :: |
|
| สถานะ | |||||||||
| 1. | หนังสือ | 294.306 พ-ป 2004 Barcode: 041622 | ►หนังสือทั่วไป | On Shelf ขอยืม | |||||
| 2. | หนังสือ | 294.306 พ-ป 2004 Barcode: 041623 | ►หนังสือทั่วไป | On Shelf ขอยืม | |||||
| 3. | หนังสือ | 294.306 พ-ป 2004 Barcode: 041624 | ►หนังสือทั่วไป | On Shelf ขอยืม | |||||
| 4. | หนังสือ | 294.306 พ-ป 2004 Barcode: 041629 | ►หนังสือทั่วไป | On Shelf ขอยืม | |||||
| 5. | หนังสือ | 294.306 พ-ป 2004 Barcode: 041632 | ►หนังสือทั่วไป | On Shelf ขอยืม | |||||
| 6. | หนังสือ | 294.306 พ-ป 2004 Barcode: 041635 | ►หนังสือทั่วไป | On Shelf ขอยืม | |||||
| 7. | หนังสือ | 294.306 พ-ป 2004 Barcode: 041636 | ►หนังสือทั่วไป | On Shelf ขอยืม | |||||
| 8. | หนังสือ | 294.306 พ-ป 2004 Barcode: 041637 | ►หนังสือทั่วไป | On Shelf ขอยืม | |||||
| 9. | หนังสือ | 294.306 พ-ป 2004 Barcode: 049628 | ►หนังสือทั่วไป | On Shelf ขอยืม | |||||
| | |||||||||

| รายการใกล้เคียง ผู้แต่ง [พระอุดมปัญญาภรณ์]
|
BibComment |
| คอมเมนท์ทรัพยากรรายการนี้ |
|
|
ห้องสมุดโรงเรียนสามัคคีวิทยาคม
159 ถ.บรรพปราการ ต.เวียง อ.เมือง จ.เชียงราย 57000
โทร. 053-711018 โทรสาร 053-713003